00619nam a22001577a 4500003000900000005001700009008004100026040001300067100002900080245006800109250001100177260002000188300001800208490005300226520018200279IT-RoPau20220918181105.0130510b xxu||||| |||| 00| 0 eng d cIT-RoPau aArchivio Storico Paolino aDocumentazione integrale paolinabAriccia 27 - 29 Dicembre 1969 a1° ed aRomabSSPc1969 a64 pp.c23 cm aDocumentazione Paolinav1 - Formazione integrale aSommario Presentazione Perché questo convegno Presentazione del Documento Capitolare Gruppi di studio Presentazione ei temi Conclusioni generali Risposte all' inchiesta lampo